LEADER 00942nam0-22002891i-450- 001 990006282960403321 005 20141001104434.0 035 $a000628296 035 $aFED01000628296 035 $a(Aleph)000628296FED01 035 $a000628296 100 $a20000112d1958----km-y0itay50------ba 101 0 $aita 105 $a--------00-yy 200 1 $aComunità economica europea$eciclo di conversazioni per i funzionari direttivi delle Camere di Commercio Industria e Agricoltura$eRoma, 9-19 aprile 1958$fa cura dell'Unione Italiana delle Camere di Commercio Industria e Agricoltura 210 $aMilano$cGiuffrè$d1958 215 $a720 p.$d24 cm 676 $a341.750 614 801 0$aIT$bUNINA$gRICA$2UNIMARC 901 $aBK 912 $a990006282960403321 952 $aDI VIII 13$b34016$fDEC 952 $aXV M 550$b56359$fFGBC 959 $aDEC 959 $aFGBC 996 $aComunità economica europea$9463467 997 $aUNINA LEADER 02039oam 2200445 a 450 001 9910700135003321 005 20110307113914.0 035 $a(CKB)5470000002407618 035 $a(OCoLC)636108211 035 $a(EXLCZ)995470000002407618 100 $a20100602d2010 ua 0 101 0 $aeng 135 $aurmn||||||||| 181 $ctxt$2rdacontent 182 $cc$2rdamedia 183 $acr$2rdacarrier 200 10$aNuclear safety$b[electronic resource] $eConvention on Nuclear Safety is viewed by most member countries as strengthening safety worldwide : report to the Chairman, Subcommittee on Oversight of Government Management, the Federal Workforce, and the District of Columbia, Committee on Homeland Security and Governmental Affairs, U.S. Senate 210 1$a[Washington, D.C.] :$cU.S. Govt. Accountability Office,$d[2010] 215 $a1 online resource (ii, 46 pages) $cillustrations 300 $aTitle from PDF title screen (GAO, viewed June 2, 2010). 300 $a"April 2010." 300 $a"GAO-10-489." 320 $aIncludes bibliographical references. 517 $aNuclear safety 606 $aNuclear power plants$xSafety measures$xInternational cooperation 606 $aNuclear facilities$xSecurity measures$xInternational cooperation 606 $aNuclear reactors$xSafety measures$xInternational cooperation 606 $aNuclear nonproliferation 615 0$aNuclear power plants$xSafety measures$xInternational cooperation. 615 0$aNuclear facilities$xSecurity measures$xInternational cooperation. 615 0$aNuclear reactors$xSafety measures$xInternational cooperation. 615 0$aNuclear nonproliferation. 712 02$aUnited States.$bCongress.$bSenate.$bCommittee on Governmental Affairs.$bSubcommittee on Oversight of Government Management, the Federal Workforce, and the District of Columbia. 801 0$bDID 801 1$bDID 801 2$bGPO 906 $aBOOK 912 $a9910700135003321 996 $aNuclear safety$92319825 997 $aUNINA LEADER 05574oam 2200841 c 450 001 9910857779803321 005 20260302090207.0 010 $a9783847417385 010 $a384741738X 024 3 $a9783847417385 035 $a(CKB)32245529000041 035 $a(MiAaPQ)EBC31465745 035 $a(Au-PeEL)EBL31465745 035 $a(Perlego)4452769 035 $a(Verlag Barbara Budrich)9783847417385 035 $a(EXLCZ)9932245529000041 100 $a20260302d2024 uy 0 101 0 $ager 135 $aur||||||||||| 181 $ctxt$2rdacontent 182 $cc$2rdamedia 183 $acr$2rdacarrier 200 00$aWissenschaftskarrieren und Gender Bias $eChancengerechtigkeit an Hochschulen zwischen formellen Vorgaben und informellen Einflüssen /$fJennifer Dahmen-Adkins, Andrea Wolffram 205 $a1st ed. 210 $aLeverkusen$cVerlag Barbara Budrich$d2024 215 $a1 online resource (242 pages) 311 08$a9783847425809 311 08$a3847425803 327 $aVorwort Gender Bias in Wissenschaftskarrieren ? Chancengerechtigkeit an Hochschulen zwischen formellen Vorgaben und informellen Einflüssen (Jennifer Dahmen-Adkins & Andrea Wolffram) Teil I: Gender Bias in Wissenschaftskarrieren Die Herstellung von Vertrauenswürdigkeit, Potenzialanerkennung und sozialem Kapital von Wissenschaftler*innen im Übergang in eine wissenschaftliche Laufbahn (Andrea Wolffram) Ungleiche Karrierechancen durch informelle Beziehungen von Postdocs auf dem Weg zur Professur ? eine Frage des Geschlechts? (Andrea Wolffram & Astrid Schulz) Informalität und Chancengerechtigkeit in Berufungsverfahren der Ingenieurwissenschaften (Ronja Rieger) ?Zum Teil sind es auch wieder Flurgespräche zwischen Kollegen.? Informalität und Geschlecht im Hochschulalltag (Anne Dölemeyer, Johannes Fousse, Tanja Paulitz, Leonie Wagner) Teil II: Akteur*innen und Dynamiken im Wandel von Wissenschaftsorganisationen ?Es braucht die ?Ermöglicher? an einer Universität? ? Veränderungsprozesse in Wissenschaftsorganisationen (Jennifer Dahmen-Adkins) Knowledge transfer agents as catalysts for changing gender policies and practices in research (Anita Thaler, Sandra Karner, Magdalena Wicher) Gemeinsam mit Transfer Agents nachhaltige Veränderungen herbeiführen (Anita Thaler, Jennifer Dahmen-Adkins) Teil III: Chancengerechtigkeit an Wissenschaftsorganisationen im EU-Kontext: Zwischen formellen Vorgaben und informellen Einflüssen Nachhaltige Verbesserung der Geschlechtergerechtigkeit in der deutschen Wissenschaftslandschaft durch europapolitische Einflussnahme ? Ein Erfahrungsbericht aus deutscher Perspektive und ein Plädoyer für Zusammenarbeit ? auch auf lokaler Ebene (Ulla Weber, Corinna Pusch) The CHANGE Project Contribution to Improve Women Representation in Decision-Making Positions in Higher Education and Research Institutions (Carina Jordão, Teresa Carvalho, Sara Diogo) Towards a gender-sensitive scientific culture ? Key elements of lasting progress (Maren A. Jochimsen) Kurzbiographien der Autor*innen 330 $aWie gestaltet sich der soziale Wandel mit Blick auf Chancengerechtigkeit in Wissenschaftskarrieren? Wie kann dem Gender Bias hier strukturell und nachhaltig entgegengewirkt werden? Der Sammelband verfolgt einen doppelten Fokus auf diesen Wandel hin zu einer Steigerung der Chancengerechtigkeit in wissenschaftlichen Karrieren. Die Beiträge analysieren die Erfahrungen von Wissenschaftler*innen sowie von mikropolitisch agierenden Stakeholdern in den Forschungsorganisationen und geben Antworten auf die Frage nach Chancengerechtigkeit auf nationaler und europäischer Ebene. What form does social change take with regard to equal opportunities in academic careers? How can gender bias be counteracted structurally and sustainably? The anthology pursues a double focus on this change towards an increase in equal opportunities in academic careers. The contributions analyse the experiences of scientists as well as micro-politically active stakeholders in research organisations and provide answers to the question of equal opportunities at national and European level. 606 $agender 606 $asoziale Ungleichheit 606 $asocial inequality 606 $aWissenschaft 606 $aMINT 606 $ascience 606 $aacademic careers 606 $aNetzwerke 606 $asoziale Beziehungen 606 $aSTEM 606 $aChancengleichheit 606 $anetworks 606 $aGleichstellungspolitik an Hochschulen 606 $asocial relations 606 $aequal opportunities 606 $aForschungsorganisationen 606 $agender equality policies at universities 615 4$agender 615 4$asoziale Ungleichheit 615 4$asocial inequality 615 4$aWissenschaft 615 4$aMINT 615 4$ascience 615 4$aacademic careers 615 4$aNetzwerke 615 4$asoziale Beziehungen 615 4$aSTEM 615 4$aChancengleichheit 615 4$anetworks 615 4$aGleichstellungspolitik an Hochschulen 615 4$asocial relations 615 4$aequal opportunities 615 4$aForschungsorganisationen 615 4$agender equality policies at universities 702 $aDahmen-Adkins$b Jennifer$4edt 702 $aWolffram$b Andrea$cPD Dr.$4edt 801 0$bMiAaPQ 801 1$bMiAaPQ 801 2$bMiAaPQ 906 $aBOOK 912 $a9910857779803321 996 $aWissenschaftskarrieren und Gender Bias$94169804 997 $aUNINA